Normal view
MARC view
Entry Personal Name
001 - CONTROL NUMBER
- control field: 73998
003 - CONTROL NUMBER IDENTIFIER
- control field: dpl
005 - DATE AND TIME OF LATEST TRANSACTION
- control field: 20241119121548.0
008 - FIXED-LENGTH DATA ELEMENTS
- fixed length control field: 241119|| aca||aabn | a|a d
040 ## - CATALOGING SOURCE
- Original cataloging agency: dpl
- Transcribing agency: dpl
100 ## - HEADING--PERSONAL NAME
- Personal name: S. Naveen Kumar
670 ## - SOURCE DATA FOUND
- Source citation: Work cat.: (dpl)207007: John, Abhishek David 73992, Spark In Mechanical Engineers /, 2017
